000 01258ngm a22003130a 4500
001 PT16538
003 AR-LpoUNG
005 20210202000207.0
007 vd cvaizq
008 191001s2001||||ag |||||||||||||||||spa d
037 _c$8.30
040 _aAR-LpoUNG
_bspa
_cAR-LpoUNG
_eaacr
041 _aspa
044 _aag
082 0 _a909 532V9
245 1 3 _aEl oscurantismo :
_bel período de Carlomagno
260 _aBuenos Aires :
_bKalender Video Argentina,
_c2001.
300 _aVHS (56 min.) : son., byn, col.
520 _aLas innovaciones de los godos y germanos sólo fueron un preludio de lo que vendría después : los hunos llegando desde las lejanas estepas del otro lado de los Urales y las incursiones de los vikingos que de Escandinavia comenzaron a asolar las costas de Europa que se sumergió en un largo período de casi medio milenio, entró conocido como El Oscurantismo. Este tema se analiza en el primer programa. En el segundo se estudia a Carlomagno y el imperio carolingio.
650 4 _aCULTURA
650 4 _aEUROPA
650 4 _aHISTORIA SOCIAL
650 4 _aPOLITICA
653 _aVIDEOS
653 _aVIDEOS DIDACTICOS
710 2 _aMetropolitan Museum of Art (New York)
905 _a16538
942 _cVIDEO
999 _c54319
_d54319